প্লেটোর রিপাবলিক / (Record no. 36754)
[ view plain ]
| 000 -LEADER | |
|---|---|
| fixed length control field | 00921nam a2200241 4500 |
| 001 - CONTROL NUMBER | |
| control field | 36754 |
| 003 - CONTROL NUMBER IDENTIFIER | |
| rucl marc code | BD-RjUL |
| 005 - DATE AND TIME OF LATEST TRANSACTION | |
| control field | 20211209052533.0 |
| 008 - FIXED-LENGTH DATA ELEMENTS--GENERAL INFORMATION | |
| fixed length control field | 160804s1974 bg |||| |||| 000 0 ben d |
| 035 ## - SYSTEM CONTROL NUMBER | |
| System control number | (BD-RjUL)36856 |
| 040 ## - CATALOGING SOURCE | |
| Original cataloging agency | BD-RjUL |
| Language of cataloging | ben |
| Transcribing agency | BD-RjUL |
| 041 ## - LANGUAGE CODE | |
| Language code of text/sound track or separate title | ben |
| 082 ## - DEWEY DECIMAL CLASSIFICATION NUMBER | |
| Classification number | 321.07 |
| Author mark and year | PLA 1974 |
| 245 00 - TITLE STATEMENT | |
| Title | প্লেটোর রিপাবলিক / |
| Statement of responsibility, etc. | সরদার ফজলুল করিম অনুদিত |
| 260 ## - PUBLICATION, DISTRIBUTION, ETC. (IMPRINT) | |
| Place of publication, distribution, etc. | ঢাকা : |
| Name of publisher, distributor, etc. | বর্ণমিছিল, |
| Date of publication, distribution, etc. | ১৯৭৪ |
| 300 ## - PHYSICAL DESCRIPTION | |
| Pagination | ৪২, ৫১২ পৃ. ; |
| Size | ২৩ সেমি. |
| 500 ## - GENERAL NOTE | |
| General note | নিঘন্ট সংযুক্ত |
| 650 ## - SUBJECT ADDED ENTRY--TOPICAL TERM | |
| Topical term or geographic name as entry element | রাষ্ট্রবিজ্ঞান |
| 9 (RLIN) | 112115 |
| Topical term or geographic name as entry element | Political science |
| 9 (RLIN) | 117801 |
| Topical term or geographic name as entry element | Political science -- Early works to 1800. |
| 9 (RLIN) | 93287 |
| 700 ## - ADDED ENTRY--PERSONAL NAME | |
| Personal name | করিম, সরদার ফজলুল, অনুবাদক |
| 942 ## - ADDED ENTRY ELEMENTS (KOHA) | |
| Source of classification or shelving scheme | Dewey Decimal Classification |
| Koha item type | Books |
| Lost status | Source of classification or shelving scheme | Damaged status | Not for loan | Collection code | Permanent Location | Current Location | Shelving location | Date acquired | Total Checkouts | Total Renewals | Full call number | Date last seen | Date checked out | Copy number | Koha item type | Source of acquisition |
|---|---|---|---|---|---|---|---|---|---|---|---|---|---|---|---|---|
| Dewey Decimal Classification | Non-fiction | Central Library, University of Rajshahi | Central Library, University of Rajshahi | 28/08/2014 | 12 | B 321.07 PLP 1974 | 21/05/2026 | 14/05/2026 | C-3 | Books | ||||||
| Dewey Decimal Classification | Non-fiction | Central Library, University of Rajshahi | Central Library, University of Rajshahi | 18/05/1978 | 15 | B 321.07 PLA 1974 | 21/10/2025 | 14/10/2025 | C-2 | Books | U.G.C. | |||||
| Dewey Decimal Classification | Non-fiction | Central Library, University of Rajshahi | Central Library, University of Rajshahi | 18/05/1978 | 13 | B 321.07 PLA 1974 | 23/11/2025 | 09/11/2025 | C-4 | Books | U.G.C. | |||||
| Dewey Decimal Classification | Non-fiction | Central Library, University of Rajshahi | Central Library, University of Rajshahi | 18/01/1975 | 11 | 1 | B 321.07 PLA 1974 | 17/10/2024 | 08/10/2024 | C-5 | Books | U.G.C. | ||||
| Dewey Decimal Classification | Non-fiction | Central Library, University of Rajshahi | Central Library, University of Rajshahi | 18/05/1974 | 7 | B 321.07 PLA 1974 | 11/09/2025 | 03/09/2025 | C-6 | Books | University Grand Commission | |||||
| Dewey Decimal Classification | Non-fiction | Central Library, University of Rajshahi | Central Library, University of Rajshahi | 18/05/1974 | 5 | B 321.07 PLA 1974 | 21/12/2016 | 19/12/2016 | C-7 | Books | University Grand Commission | |||||
| Dewey Decimal Classification | Non-fiction | Central Library, University of Rajshahi | Central Library, University of Rajshahi | 18/05/1974 | 4 | B 321.07 PLA 1974 | 14/01/2024 | 27/12/2023 | C-8 | Books | University Grand Commission | |||||
| Dewey Decimal Classification | Non-fiction | Central Library, University of Rajshahi | Central Library, University of Rajshahi | 18/05/1974 | 2 | B 321.07 PLA 1974 | 27/01/2019 | 16/01/2019 | C-9 | Books | University Grand Commission | |||||
| Dewey Decimal Classification | Non-fiction | Central Library, University of Rajshahi | Central Library, University of Rajshahi | 18/05/1974 | 6 | 1 | B 321.07 PLA 1974 | 26/08/2025 | 14/08/2025 | C-10 | Books | University Grand Commission | ||||
| Dewey Decimal Classification | Not For Loan | Non-fiction | Central Library, University of Rajshahi | Central Library, University of Rajshahi | Reading Room | 18/05/1974 | B 321.07 PLA 1974 | 06/08/2016 | C-1 | Books | University Grand Commission |